000
00291nam a2200121 4500
999
_c
10728
_d
10728
003
OSt
005
20220630120729.0
008
220630b ||||| |||| 00| 0 eng d
100
_a
Edward D Mills Friba
245
_a
The modern factory
260
_a
London
_b
Architectural press
942
_2
ddc